Members of 4Minute (Kpop) - Statistics

General Stats
  • This quiz has been taken 178 times
  • The average score is 4 of 5
Answer Stats
Answer % Correct
Hyuna
100%
Jiyoon
71%
Gayoon
70%
Jihyun
68%
Sohyun
66%
No matching quizzes found
Score Distribution
Percent of People with Each Score
Percentile by Number Answered
Your Score History
You have not taken this quiz